|
|
|
|
| LEADER |
00000nam a22000007a 4500 |
| 005 |
20200601170651.0 |
| 007 |
cr|||| |||| |
| 008 |
200601s2019 br |||||s|||| 00||0 por d |
| 020 |
|
|
|a 978-85-9597-039-7
|
| 035 |
|
|
|a 31652
|
| 040 |
|
|
|a vLex
|
| 090 |
|
|
|c 10484
|d 10484
|
| 100 |
1 |
|
|a Bottino, Thiago
|
| 245 |
1 |
0 |
|a Anur̀io de publicaė̳s da graduaȯ̂ 2019
|h [Recurso electrn̤ico] /
|c Thiago Bottino
|
| 256 |
|
|
|a Servicio en ln̕ea
|
| 260 |
|
|
|a Ro̕ de Janeiro:
|b FGV - Direito Rio,
|c 2019
|
| 300 |
|
|
|a 1 recurso electrn̤ico
|
| 506 |
1 |
|
|a Disponible solo en los productos indicados
|d vLex Global
|d vLex Global (Academic Edition, excluding Law Schools)
|d vLex Global (U.S. Academic Edition, Law Schools)
|d vLex Global (U.S. Academic Edition, excluding Law Schools)
|d vLex Global (Academic Edition, Law Schools)
|
| 650 |
0 |
4 |
|a Derecho Pb︢lico y Administrativo
|z Brasil
|
| 740 |
0 |
|
|a vLex Libros (Servicio en ln̕ea)
|
| 856 |
4 |
0 |
|u http://vlex.com/source/anuario-de-publica-es-da-gradua-o-2019-31652
|z Acceso restringido
|
| 942 |
|
|
|c BOOK
|
| 999 |
0 |
|
|a Public and Administrative Law
|